[Event "Pardubice Czech op-J 30th"]
[Site "Pardubice"]
[Date "2019.07.14"]
[Round "3"]
[White "Varitski, Igor"]
[Black "Malygin, Vladislav"]
[Result "1-0"]
[WhiteElo "2199"]
[BlackElo "1855"]
[PlyCount "55"]
[EventDate "2019.07.12"]
[EventType "swiss"]
[EventRounds "7"]
[EventCountry "CZE"]
[SourceTitle "CBM 192 Extra"]
[Source "Chessbase"]
[SourceDate "2019.11.06"]
[SourceVersion "1"]
[SourceVersionDate "2019.11.06"]
[SourceQuality "1"]

1. e4 e5 2. Nf3 Nc6 3. d4 exd4 4. c3 dxc3 5. Nxc3 Bc5 6. Bc4 Nge7 7. Bg5 h6 8. Bh4 0-0 9. 0-0 d6 10. Nd5 Bg4 11. b4 Bxf3 12. Qxf3 Bd4 13. b5 g5 14. bxc6 Nxc6 15. Bg3 Bxa1 16. Rxa1 Nd4 17. Qh5 c6 18. Ne3 Qf6 19. Rd1 Kh7 20. Ng4 Qg6 21. Qxg6+ Kxg6 22. Rxd4 d5 23. exd5 cxd5 24. Rxd5 Rad8 25. Ne5+ Kg7 26. Nd7 Rfe8 27. Be5+ Kg6 28. g4 1-0

[Event "St Petersburg  North-West Cup-B"]
[Site "St Petersburg"]
[Date "2018.12.07"]
[Round "5"]
[White "Varitski, Igor"]
[Black "Chukavin, Kirill"]
[Result "1/2-1/2"]
[WhiteElo "2216"]
[BlackElo "2277"]
[PlyCount "138"]
[EventDate "2018.12.03"]
[EventType "tourn"]
[EventRounds "9"]
[EventCountry "RUS"]
[EventCategory "3"]
[SourceTitle "CBM 187 Extra"]
[Source "ChessBase"]
[SourceDate "2018.11.04"]
[SourceVersion "1"]
[SourceVersionDate "2018.11.04"]
[SourceQuality "1"]

1. e4 c5 2. c3 d5 3. exd5 Qxd5 4. d4 Nf6 5. Nf3 e6 6. Be2 Nc6 7. Na3 Qd8 8. 0-0 cxd4 9. Nb5 Bc5 10. Nbxd4 Nxd4 11. Nxd4 0-0 12. Nb3 Be7 13. Qxd8 Rxd8 14. Bf4 Nd5 15. Bg3 f6 16. Bf3 e5 17. Na5 Rb8 18. c4 Nb6 19. Rfd1 Rxd1+ 20. Rxd1 Kf7 21. a3 Be6 22. b3 Bxa3 23. Nxb7 Nd7 24. Bc6 Ke7 25. Ra1 Bc5 26. Nxc5 Nxc5 27. Rxa7+ Kf8 28. Bb5 Rd8 29. h4 Nxb3 30. f3 Rc8 31. f4 e4 32. Ba6 Rc6 33. Bb5 Rc8 34. Ba6 Rd8 35. Bf2 Rd1+ 36. Kh2 Rc1 37. Rb7 Na5 38. Bc5+ Kg8 39. Rb8+ Kf7 40. h5 Bxc4 41. f5 g6 42. fxg6+ hxg6 43. h6 Bxa6 44. h7 Rxc5 45. g4 Rc2+ 46. Kg3 Rc3+ 47. Kh2 Rc2+ 48. Kg1 Rc1+ 49. Kh2 Rc2+ 50. Kg1 Nc6 51. h8Q Nxb8 52. Qxb8 Rc6 53. Kf2 Re6 54. Ke3 Re7 55. Qh8 Bb7 56. Qh7+ Ke6 57. Qxg6 Rd7 58. g5 Rf7 59. gxf6 Bd5 60. Kd4 Bb7 61. Qg5 Rd7+ 62. Ke3 Rf7 63. Kd4 Rd7+ 64. Ke3 Rd3+ 65. Ke2 Rf3 66. Qb5 Bd5 67. Qb6+ Ke5 68. Qb2+ Ke6 69. Qb6+ Ke5 1/2-1/2

[Event "Pardubice Czech op-A 29th"]
[Site "Pardubice"]
[Date "2018.07.27"]
[Round "8"]
[White "Varitski, Igor"]
[Black "Ajay Krishna, S."]
[Result "0-1"]
[WhiteElo "2235"]
[BlackElo "2161"]
[PlyCount "72"]
[EventDate "2018.07.20"]
[EventType "swiss"]
[EventRounds "9"]
[EventCountry "CZE"]
[SourceTitle "CBM 185 Extra"]
[Source "ChessBase"]
[SourceDate "2018.07.29"]
[SourceVersion "1"]
[SourceVersionDate "2018.07.29"]
[SourceQuality "1"]

1. e4 c5 2. c3 d5 3. exd5 Qxd5 4. d4 Nc6 5. Nf3 Bg4 6. Be2 e6 7. h3 Bxf3 8. Bxf3 Qd7 9. dxc5 Qxd1+ 10. Kxd1 Bxc5 11. Bxc6+ bxc6 12. Ke2 Ne7 13. Nd2 Nd5 14. Nc4 Ke7 15. Bd2 a5 16. a4 Rab8 17. Rad1 f6 18. f4 Bb6 19. Rhe1 Bc7 20. Kf3 Kf7 21. Be3 h5 22. g3 h4 23. g4 e5 24. f5 g6 25. fxg6+ Kxg6 26. Ke4 Rhd8 27. Rf1 Rd7 28. Rd3 Rbd8 29. Rfd1 Rf7 30. Bf2 Rdf8 31. Bc5 f5+ 32. gxf5+ Rxf5 33. Rg1+ Kf7 34. Rd2 Rf4+ 35. Kd3 Rd8 36. Ne3 Nf6+ 0-1

[Event "Marianske Lazne IM-B1 17th"]
[Site "Marianske Lazne"]
[Date "2018.01.26"]
[Round "8"]
[White "Pena Gomez, Manuel"]
[Black "Varitski, Igor"]
[Result "1-0"]
[WhiteElo "2491"]
[BlackElo "2246"]
[PlyCount "61"]
[EventDate "2018.01.20"]
[EventType "tourn"]
[EventRounds "9"]
[EventCountry "CZE"]
[EventCategory "1"]
[SourceTitle "CBM 182 Extra"]
[Source "ChessBase"]
[SourceDate "2018.02.23"]
[SourceVersion "1"]
[SourceVersionDate "2018.02.23"]
[SourceQuality "1"]

1. c4 e5 2. g3 Nc6 3. Bg2 f5 4. Nc3 Nf6 5. d3 d6 6. e3 Be7 7. Nge2 0-0 8. 0-0 Qe8 9. Rb1 Bd8 10. Nd5 Ne7 11. Nxf6+ Rxf6 12. b4 h5 13. h4 Rh6 14. f4 e4 15. Bb2 Kh8 16. dxe4 fxe4 17. Bxe4 Bf5 18. Bxb7 Rb8 19. Bf3 Qg6 20. e4 Bxe4 21. Bxg7+ Qxg7 22. Bxe4 Ng8 23. Kh2 Nf6 24. Bf5 Ng4+ 25. Bxg4 Qxg4 26. Nd4 Qd7 27. b5 Bf6 28. Re1 Rg8 29. Re6 Qh7 30. Rb3 Rhg6 31. Nf5 1-0

[Event "Marianske Lazne IM-B1 17th"]
[Site "Marianske Lazne"]
[Date "2018.01.23"]
[Round "5"]
[White "Siekanski, Janusz"]
[Black "Varitski, Igor"]
[Result "0-1"]
[WhiteElo "2272"]
[BlackElo "2246"]
[PlyCount "76"]
[EventDate "2018.01.20"]
[EventType "tourn"]
[EventRounds "9"]
[EventCountry "CZE"]
[EventCategory "1"]
[SourceTitle "CBM 182 Extra"]
[Source "ChessBase"]
[SourceDate "2018.02.23"]
[SourceVersion "1"]
[SourceVersionDate "2018.02.23"]
[SourceQuality "1"]

1. d4 e6 2. c4 f5 3. Nc3 Bb4 4. e3 Bxc3+ 5. bxc3 b6 6. Nh3 Nf6 7. f3 Bb7 8. a4 0-0 9. Bd3 d6 10. a5 g6 11. Qb3 c5 12. Nf4 Qe7 13. d5 exd5 14. Nxd5 Bxd5 15. cxd5 Nbd7 16. 0-0 Ne5 17. c4 bxa5 18. Rxa5 Rab8 19. Qc2 Nh5 20. f4 Nxd3 21. Qxd3 Nf6 22. Qa3 Rb7 23. Bb2 Ne4 24. Rb5 Rfb8 25. Rxb7 Qxb7 26. Ba1 Qb3 27. Qc1 Rb4 28. Qe1 Rxc4 29. h3 Rb4 30. Kh2 Rb8 31. Qh4 Qxd5 32. Rb1 Re8 33. Qh6 Qf7 34. g4 fxg4 35. hxg4 c4 36. f5 c3 37. Qf4 Qa2+ 38. Kh3 Qxb1 0-1

[Event "Marianske Lazne IM-B1 17th"]
[Site "Marianske Lazne"]
[Date "2018.01.21"]
[Round "2"]
[White "Varitski, Igor"]
[Black "Plischki, Sebastian"]
[Result "1/2-1/2"]
[WhiteElo "2246"]
[BlackElo "2395"]
[PlyCount "35"]
[EventDate "2018.01.20"]
[EventType "tourn"]
[EventRounds "9"]
[EventCountry "CZE"]
[EventCategory "1"]
[SourceTitle "CBM 182 Extra"]
[Source "ChessBase"]
[SourceDate "2018.02.23"]
[SourceVersion "1"]
[SourceVersionDate "2018.02.23"]
[SourceQuality "1"]

1. e4 d6 2. d4 Nf6 3. Nc3 g6 4. g3 Bg7 5. Bg2 0-0 6. h3 Nbd7 7. Nge2 Rb8 8. a4 c5 9. Be3 b6 10. 0-0 cxd4 11. Bxd4 Bb7 12. g4 a6 13. Ng3 h6 14. Qd2 Re8 15. f4 b5 16. axb5 axb5 17. Nxb5 Bxe4 18. Nxe4 1/2-1/2

[Event "Pardubice Czech op-A 28th"]
[Site "Pardubice"]
[Date "2017.07.26"]
[Round "6"]
[White "Kulon, Klaudia"]
[Black "Varitski, Igor"]
[Result "1/2-1/2"]
[WhiteElo "2380"]
[BlackElo "2226"]
[PlyCount "93"]
[EventDate "2017.07.21"]
[EventType "swiss"]
[EventRounds "9"]
[EventCountry "CZE"]
[SourceTitle "CBM 179 Extra"]
[Source "ChessBase"]
[SourceDate "2017.08.23"]
[SourceVersion "1"]
[SourceVersionDate "2017.08.23"]
[SourceQuality "1"]

1. c4 f5 2. g3 Nf6 3. Bg2 e5 4. Nc3 Nc6 5. d3 d6 6. e3 Be7 7. Nge2 0-0 8. 0-0 Qe8 9. Rb1 Qh5 10. b4 Bd8 11. Nd5 Ne7 12. Nec3 Qg6 13. f4 h5 14. Nxf6+ Rxf6 15. Bb2 Kh8 16. Kh1 Qh6 17. h4 Rf8 18. Bf3 Ng8 19. Bxh5 Nf6 20. Bf3 Ng4 21. Bxg4 fxg4 22. Kg2 exf4 23. exf4 Bf5 24. Ne4 c6 25. b5 Re8 26. bxc6 bxc6 27. Qc2 Ba5 28. Ba1 Re7 29. Qa4 Rxe4 30. dxe4 Bxe4+ 31. Kh2 Bxb1 32. Rxb1 Qe6 33. Qxc6 Rc8 34. Qd5 Qe2+ 35. Kh1 Qxc4 36. Bxg7+ Kh7 37. Qxc4 Rxc4 38. Rb7 Kg6 39. Rxa7 Bb6 40. Ra6 Rc1+ 41. Kg2 Bc5 42. Be5 Rg1+ 43. Kh2 Rd1 44. Bc3 Kf5 45. Ra4 d5 46. h5 d4 47. Ra5 1/2-1/2

[Event "Pardubice Czech op-J 28th"]
[Site "Pardubice"]
[Date "2017.07.16"]
[Round "4"]
[White "Varitski, Igor"]
[Black "Kashkarov, Mikhail"]
[Result "1-0"]
[WhiteElo "2226"]
[BlackElo "2081"]
[PlyCount "87"]
[EventDate "2017.07.14"]
[EventType "swiss"]
[EventRounds "7"]
[EventCountry "CZE"]
[SourceTitle "EXT 2018"]
[Source "ChessBase"]
[SourceDate "2017.10.13"]
[SourceVersion "1"]
[SourceVersionDate "2017.10.13"]
[SourceQuality "1"]

1. e4 c5 2. Nf3 Nc6 3. Bb5 e6 4. Bxc6 bxc6 5. d3 d5 6. Nbd2 Nf6 7. 0-0 Be7 8. b3 0-0 9. Bb2 a5 10. a4 Ba6 11. e5 Nd7 12. Qe2 Rb8 13. c4 Qc7 14. Rfe1 Rfc8 15. Rab1 Ra8 16. h4 Rf8 17. g3 Rae8 18. Kg2 Bc8 19. Ng5 g6 20. f4 h6 21. Nh3 f5 22. exf6 Nxf6 23. Nf3 Bd6 24. Ne5 Kh7 25. Nf2 Nd7 26. Nfg4 Bxe5 27. Nxe5 Nf6 28. Bc3 Bb7 29. Rh1 Nh5 30. Nxg6 Kxg6 31. Qg4+ Kh7 32. Qxh5 d4 33. Bd2 e5 34. Rhe1 Bc8 35. Rxe5 Rxe5 36. fxe5 Qg7 37. Qe2 Bg4 38. Qe4+ Bf5 39. Qxc6 Bxd3 40. Re1 Bf5 41. Bf4 Bd7 42. Qd6 Bc8 43. e6 Bb7+ 44. Kg1 1-0

[Event "Mittelrhein Regionalliga 16/17"]
[Site "Nordrheinwestfalen"]
[Date "2017.04.09"]
[Round "10.6"]
[White "Albrecht, Oliver"]
[Black "Varitski, Igor"]
[Result "0-1"]
[WhiteElo "2060"]
[BlackElo "2191"]
[PlyCount "54"]
[EventDate "2016.09.11"]
[EventType "team-tourn"]
[EventRounds "11"]
[EventCountry "GER"]
[SourceTitle "EXT 2022"]
[Source "ChessBase"]
[SourceDate "2021.10.06"]
[SourceVersion "1"]
[SourceVersionDate "2021.10.06"]
[SourceQuality "1"]
[WhiteTeam "Bonn Beuel"]
[BlackTeam "Siegburg"]
[WhiteTeamCountry "GER"]
[BlackTeamCountry "GER"]

1. d4 f5 2. g3 Nf6 3. Bg2 d5 4. Nf3 e6 5. 0-0 Bd6 6. c4 c6 7. b3 Qe7 8. Bb2 b6 9. Nbd2 Bb7 10. Ne5 0-0 11. e3 a5 12. Rc1 Na6 13. cxd5 cxd5 14. Ndf3 Rac8 15. Qd3 Nb4 16. Qb1 Ne4 17. a3 Nc6 18. Nxc6 Bxc6 19. a4 b5 20. axb5 Bxb5 21. Rxc8 Rxc8 22. Rc1 Rb8 23. Qa2 Be8 24. Qxa5 Qb7 25. Qe1 Qxb3 26. Ba1 Ba3 27. Rc7 Qa2 0-1

[Event "Marianske Lazne IM-B1 16th"]
[Site "Marianske Lazne"]
[Date "2017.01.26"]
[Round "7"]
[White "Csati, Oliver"]
[Black "Varitski, Igor"]
[Result "0-1"]
[WhiteElo "2220"]
[BlackElo "2225"]
[PlyCount "136"]
[EventDate "2017.01.21"]
[EventType "tourn"]
[EventRounds "9"]
[EventCountry "CZE"]
[EventCategory "1"]
[SourceTitle "CBM 176 Extra"]
[Source "ChessBase"]
[SourceDate "2017.03.02"]
[SourceVersion "1"]
[SourceVersionDate "2017.03.02"]
[SourceQuality "1"]

1. e4 c6 2. Nc3 d5 3. Nf3 Bg4 4. h3 Bh5 5. exd5 cxd5 6. g4 Bg6 7. Ne5 Nc6 8. d4 e6 9. h4 f6 10. Nxc6 bxc6 11. h5 Bf7 12. Bf4 Bd6 13. Bxd6 Qxd6 14. Qd2 Rb8 15. 0-0-0 Qb4 16. b3 Ne7 17. h6 g5 18. f4 gxf4 19. Qxf4 Ng6 20. Qf3 Rb7 21. Kb2 Qe7 22. Bd3 0-0 23. Rhf1 Be8 24. Rde1 Rb4 25. Qe3 Bd7 26. g5 fxg5 27. Rxf8+ Nxf8 28. a3 Rb8 29. Rg1 Be8 30. Rxg5+ Bg6 31. Na4 Qf6 32. Nc5 Re8 33. Bxg6 hxg6 34. Nd3 Nh7 35. Rg2 g5 36. Ne5 Qxh6 37. Nxc6 Qg7 38. Qd3 Rf8 39. Re2 Rf6 40. Qg3 Qd7 41. Qb8+ Rf8 42. Ne5 Rxb8 43. Nxd7 Re8 44. Ne5 Kg7 45. Nc6 Kg6 46. Nxa7 g4 47. Nc6 Kf5 48. b4 g3 49. b5 Nf6 50. a4 Kf4 51. Ne5 Ng4 52. Nxg4 Kxg4 53. Re1 Kf3 54. Kb3 Kf2 55. Rd1 Ke2 56. Rg1 Kf2 57. Rd1 Ke2 58. Rg1 Kf2 59. Rxg3 Kxg3 60. b6 e5 61. dxe5 Kf4 62. Kb4 Kxe5 63. Kc5 Rc8+ 64. Kb5 Rxc2 65. a5 Kd6 66. a6 Rb2+ 67. Ka5 Kc6 68. b7 Kc7 0-1

[Event "Pardubice Czech op-A 27th"]
[Site "Pardubice"]
[Date "2016.07.25"]
[Round "4"]
[White "Varitski, Igor"]
[Black "Sanders, Isaac B"]
[Result "1/2-1/2"]
[WhiteElo "2208"]
[BlackElo "2352"]
[PlyCount "81"]
[EventDate "2016.07.22"]
[EventType "swiss"]
[EventRounds "9"]
[EventCountry "CZE"]
[SourceTitle "CBM 173 Extra"]
[Source "ChessBase"]
[SourceDate "2016.08.29"]
[SourceVersion "1"]
[SourceVersionDate "2016.08.29"]
[SourceQuality "1"]

1. e4 c6 2. d4 d5 3. Nd2 dxe4 4. Nxe4 Nf6 5. Nxf6+ gxf6 6. Qd3 Bg4 7. Be2 Bxe2 8. Nxe2 e6 9. Bf4 Qa5+ 10. Bd2 Qc7 11. Bf4 Bd6 12. Bxd6 Qxd6 13. 0-0-0 Na6 14. Qf3 Qe7 15. Ng3 0-0-0 16. Rhe1 Rhg8 17. Re3 Nb4 18. Ra3 Kb8 19. Rb3 f5 20. Kb1 Nd5 21. c4 Nb6 22. Qe2 Qc7 23. Qf1 Rg4 24. c5 Nd5 25. h3 Rgg8 26. Ne2 Nf6 27. g3 Rd7 28. f3 Rgd8 29. Rc1 Nd5 30. f4 Nf6 31. Qe1 Ne4 32. a3 Rg8 33. Rc4 Ka8 34. Ka2 h5 35. Rcb4 Qa5 36. h4 Rgd8 37. Qc1 Qa6 38. Qe3 Qa5 39. Nc3 Nxc3+ 40. bxc3 Qa6 41. Rb1 1/2-1/2